| 000 | 02350cam a2200421 a 4500 | ||
|---|---|---|---|
| 001 | 15011956 | ||
| 005 | 20170105102849.0 | ||
| 008 | 070918s2007 enka b 001 0 eng | ||
| 010 | _a 2007038450 | ||
| 015 |
_aGBA761501 _2bnb |
||
| 016 | 7 |
_a013810672 _2Uk |
|
| 020 | _a9780230002319 (alk. paper) | ||
| 020 | _a0230002315 (alk. paper) | ||
| 035 | _a(OCoLC)ocn173509290 | ||
| 040 |
_aDLC _cDLC _dBAKER _dC#P _dOCLCA _dYDXCP _dBTCTA _dEUM _dUKM _dLGG _dDLC |
||
| 050 | 0 | 0 |
_aHV6431 _b.H68 2007 |
| 082 | 0 | 0 |
_a070.449363325 _222 |
| 100 | 1 |
_aHoskins, Andrew, _d1967- |
|
| 245 | 1 | 0 |
_aTelevision and terror : _bconflicting times and the crisis of news discourse / _cAndrew Hoskins and Ben O'Loughlin. |
| 260 |
_aBasingstoke ; _aNew York : _bPalgrave Macmillan, _c2007. |
||
| 300 |
_ax, 217 p. : _bill. ; _c23 cm. |
||
| 490 | 1 | _aNew security challenges series | |
| 504 | _aIncludes bibliographical references (p. 201-211) and index. | ||
| 505 | 0 | _aTelevision and time -- Hurricane Katrina and the failure of the 'CNN effect' -- Talking terror : political discourses and the 2003 Iraq war -- Television's quagmire : the misremembered and the unforgotten -- The distant body -- Drama and documentary : the power of nightmares -- Security and publics : democratic times? -- The irresolution of television. | |
| 520 | _aIn this book, Hoskins and O'Loughlin demonstrate that television, tarnished by its economy of liveness and its default impositions of immediacy, brevity and simultaneity, fails to deliver a critical and consistent exposition adequate to our conflicting times. | ||
| 650 | 0 |
_aTerrorism _xPress coverage. |
|
| 650 | 0 | _aTelevision broadcasting of news. | |
| 650 | 0 |
_aJournalism _xObjectivity. |
|
| 650 | 0 | _aNational security. | |
| 700 | 1 |
_aO'Loughlin, Ben, _d1976- |
|
| 830 | 0 | _aNew security challenges series. | |
| 856 | 4 | 2 |
_3Contributor biographical information _uhttp://catdir.loc.gov/catdir/enhancements/fy0801/2007038450-b.html |
| 856 | 4 | 2 |
_3Publisher description _uhttp://catdir.loc.gov/catdir/enhancements/fy0801/2007038450-d.html |
| 856 | 4 | 1 |
_3Table of contents only _uhttp://catdir.loc.gov/catdir/enhancements/fy0801/2007038450-t.html |
| 906 |
_a7 _bcbc _corignew _d1 _eecip _f20 _gy-gencatlg |
||
| 942 |
_2ddc _cBK |
||
| 999 |
_c14178 _d14178 |
||